深名線の駅 - Statistics

General Stats
  • This quiz has been taken 18 times
  • The average score is 10 of 20
Answer Stats
Answer % Correct
深川
100%
名寄
100%
幌加内
88%
朱鞠内
88%
西名寄
71%
上幌加内
59%
添牛内
59%
北母子里
59%
上多度志
53%
湖畔
53%
政和
47%
沼牛
41%
天塩弥生
41%
幌成
35%
円山
29%
宇摩
29%
下幌成
29%
鷹泊
29%
共栄
24%
新生成
0%
No matching quizzes found
Score Distribution
Percent of People with Each Score
Percentile by Number Answered
Your Score History
You have not taken this quiz